01018nam a2200169Ia 4500008004100000020001500041050002200056100003300078245009800111250001200209260005700221300002400278500004900302505042100351600003900772651003700811121028s9999 xx 000 0 und d a968231884X aF1234bS5933 1993 aSilva Herzog, Jesúseautor aUna vida en la vida de México y mis últimas andanzas, 1947-1972c / Jesús Silva Herzog a2a. ed. aMéxicob: El Colegio Nacional : Siglo XXIc, 1993 a621 pág.c; 23 cm aIncluye Índice, Presentación y Prólogo aI. Niñez,Adolescencia y Primera Juventud II. Tríptico en la Revolución III. Años Apolíticos y hacia la Metrópoli IV. En la década de los veinte V. De todo un poco VI. En el sexenio Cardenista VII. Al servicio de la Cultura VIII. Durante el sexenio del Presidente Caballero IX. Y ahora de viajero y otra vez universitaria X. Por el viejo mundo y los meses terribles XI. Mis últimas andanzas, 1947-1972 aSilva Herzog, Jesús, 1892-1985. aMéxico Historia Siglo XX.Ì